Paroles - "Les Lacs du Connemara" dans l'ordre alphabétique - Statistiques

Statistiques générales
  • Ce quiz a été pris 300 fois
  • Le résultat moyen est 202 sur 284
Statistiques - réponses
Paroles % Correct
a
99%
de
98%
la
98%
le
98%
au
97%
Connemara
97%
terre
97%
Terre
97%
lac
95%
des
94%
du
94%
brûlée
93%
les
92%
c'est
90%
un
88%
vent
87%
landes
86%
lacs
85%
pour
85%
pierres
82%
vie
82%
en
81%
vivants
81%
peu
80%
qui
80%
nuages
79%
rivières
79%
dans
78%
décor
78%
et
78%
noirs
78%
nord
77%
dit
76%
viennent
76%
ça
75%
colorent
73%
irlandais
73%
Irlandais
73%
Maureen
72%
se
72%
autour
71%
d'enfer
71%
on
71%
71%
printemps
71%
ciel
69%
paix
69%
plongé
69%
suivant
69%
catholique
67%
là-bas
66%
je
64%
y
64%
nue
63%
suis
63%
oui
61%
était
59%
il
59%
pas
59%
jour
58%
tout
58%
Gallois
56%
Sean
56%
rois
54%
d'Angleterre
53%
l'église
53%
nuits
53%
trois
53%
aussi
52%
deux
52%
sont
52%
encore
51%
granit
51%
jours
51%
prix
51%
que
51%
arrivés
50%
Kelly
50%
aux
49%
danse
49%
ils
49%
sait
49%
silence
49%
folie
48%
boire
47%
s'est
47%
une
47%
quoi
46%
Galway
45%
celle
44%
chevaux
43%
ni
43%
comté
42%
l'éternité
42%
croix
41%
monstres
41%
Connor
40%
n'accepte
39%
replonger
38%
certains
37%
d'été
37%
Ring
37%
soirs
37%
guerre
36%
Limerick
36%
temps
36%
voit
36%
croit
35%
est
35%
of
35%
rythme
33%
feront
32%
Flaherty
32%
l'âme
31%
meilleur
31%
soleil
31%
viendra
31%
vit
31%
Cromwell
30%
nager
30%
pluies
30%
repos
29%
Kerry
28%
près
28%
qu'on
28%
venus
28%
chercher
27%
cœur
27%
d'ailleurs
27%
Gaëls
26%
Tipperary
26%
hommes
25%
Barry-Connely
23%
goût
23%
O'Connolly
23%
y'avait
20%
l'on
10%
Aucun quiz correspondant
Distribution des résultats
% des personnes avec chaque résultat
Percentile par nombre de réponses
Votre historique - résultats
Vous n’avez pas pris ce quiz